000 00658nam a2200193 a 4500
005 20220526063927.0
008 991125s1972 mx 000 0 spa u
035 _aUPN01000005826
049 _aLT
050 4 _aLB1651 M6.1
_bB53 1972
245 0 0 _aBiología contemporánea :
_bprimer curso /
_cEnrique Beltrán ... [et al.].
250 _a4a ed. rev.
260 _aMéxico :
_bECLALSA,
_c1972.
300 _a319 p. :
_bil. col.
500 _a"Para las escuelas de segunda enseñanza. Conforme al programa vigente"
650 4 _aBiología
_xEstudio y enseñanza (Secundaria)
_94532
700 1 _aBeltrán, Enrique,
_d1903-1994
_ecoaut.
_934682
905 _aLibro
999 _c5826
_d5826